00401nam a2200145Ia 4500003000400000008004100004040001600045082001600061100002000077245007000097260003400167300001000201650001500211650002900226GCL140319s9999 xx 000 0 eng d aGCL / cGCL04a320.41bH P1 aHEYWOOD, ANDREW10aPOLITICAL IDEAS AND CONCEPTS: AN INTRODUCTION / cHEYWOOD, ANDREW a[S.N] : bMACMILIAN ، c1994 a369 P04aGOVERNMENT04aGOVERNMENT AND THE STATE